Guess the Taylor Swift song with no hints! #1 - Statistics

General Stats
  • This quiz has been taken 869 times
  • The average score is 268 of 372
Answer Stats
Answer % Correct
I
100%
a
98%
A
98%
the
95%
you
95%
You
95%
me
92%
and
91%
And
91%
on
89%
be
88%
in
88%
to
88%
your
88%
Your
88%
Who
87%
it
86%
It
86%
when
86%
When
86%
is
85%
my
85%
of
84%
Where
84%
are
81%
I'm
81%
you're
81%
they
80%
hear
79%
am
78%
But
78%
like
78%
Don't
77%
don't
77%
not
77%
say
77%
All
76%
So
76%
was
76%
at
75%
she
75%
She
75%
that
75%
were
75%
I'll
74%
said
74%
what
73%
her
72%
now
72%
Now
72%
should
72%
This
72%
girl
70%
know
69%
out
69%
see
69%
by
68%
up
68%
with
68%
would
67%
boy
66%
kind
66%
from
65%
Speak
64%
only
63%
or
63%
back
62%
wrong
61%
away
60%
need
60%
yes
60%
marrying
59%
room
59%
run
59%
Run
59%
time
59%
white
59%
door
58%
last
58%
stand
58%
everyone
57%
eyes
57%
meet
57%
occasion
57%
church
56%
looking
56%
looks
56%
rudely
56%
thought
56%
bride
55%
forever
55%
didn't
54%
down
54%
hands
54%
hold
54%
single
54%
There's
54%
vow
54%
barging
53%
friends
53%
wait
53%
peace
52%
you'll
52%
dressed
51%
wish
51%
chance
50%
family
50%
Horrified
50%
little
50%
pastel
50%
preacher
50%
veil
50%
bridesmaid
49%
yelling
49%
silence
48%
pastry
47%
Baby
46%
running
46%
sneak
46%
gown
45%
lovely
45%
seems
44%
shaky
44%
shaped
44%
Wearing
44%
around
43%
queen
43%
uninvited
43%
myself
42%
Let's
41%
snotty
41%
surely
41%
daydream
40%
lose
40%
aisle
39%
glad
39%
hiding
39%
march
39%
song
39%
death
38%
inside
38%
pageant
38%
play
38%
sounds
38%
curtains
37%
vows
37%
Somewhere
36%
starts
36%
floats
33%
organ
33%
tux
33%
exchanged
32%
gestures
31%
Fond
25%
No matching quizzes found
Score Distribution
Percent of People with Each Score
Percentile by Number Answered
Your Score History
You have not taken this quiz